| 000 | 01484cam a22003494a 4500 | ||
|---|---|---|---|
| 090 | _c0 | ||
| 001 | 11817225 | ||
| 005 | 20040618125716.0 | ||
| 008 | 991022s2000 nyu b 001 0 eng | ||
| 010 | _a 99055544 | ||
| 020 | _a0471348147 (paper : acidfree paper) | ||
| 040 |
_aDLC _cDLC _dDLC |
||
| 042 | _apcc | ||
| 043 | _an-us--- | ||
| 050 | 0 | 0 |
_aHG179.5 _b.S76 2000 |
| 082 | 0 | 0 |
_a332.602373 _221 _bSTO |
| 100 | 1 |
_aStone, Edward J., _d1952- |
|
| 245 | 1 | 0 |
_aGetting started in financial consulting / _cEdward J. Stone. |
| 260 |
_aNew York : _bJohn Wiley & Sons, _cc2000. |
||
| 300 |
_axiii, 286 p. ; _c24 cm. |
||
| 490 | 1 | _aThe getting started in series | |
| 504 | _aIncludes bibliographical references and index. | ||
| 650 | 0 |
_aFinancial planners _zUnited States. |
|
| 650 | 0 |
_aFinancial services industry _zUnited States. |
|
| 830 | 0 | _aGetting started in | |
| 856 | 4 | 2 |
_3Contributor biographical information _uhttp://www.loc.gov/catdir/bios/wiley041/99055544.html |
| 856 | 4 | 2 |
_3Publisher description _uhttp://www.loc.gov/catdir/description/wiley031/99055544.html |
| 856 | 4 |
_3Table of Contents _uhttp://www.loc.gov/catdir/toc/onix02/99055544.html |
|
| 942 |
_2ddc _cBB |
||
| 999 |
_c10452 _d10452 |
||